Week 11 CFB AP Poll - Statistics

General Stats
  • This quiz has been taken 45 times
  • The average score is 19 of 25
Answer Stats
Rank Team % Correct
10 Texas
100%
3 Texas A&M
100%
2 Indiana
98%
1 Ohio State
98%
6 Ole Miss
98%
7 Oregon
98%
8 Texas Tech
98%
4 Alabama
95%
9 Notre Dame
93%
5 Georgia
90%
17 USC
88%
13 Vanderbilt
80%
18 Michigan
75%
12 BYU
73%
21 Tennessee
73%
11 Oklahoma
68%
23 Pitt
68%
20 Virginia
68%
14 Georgia Tech
63%
19 Louisville
58%
24 James Madison
53%
15 Utah
53%
16 Miami (FL)
50%
22 Cincinnati
45%
25 South Florida
43%
No matching quizzes found
Score Distribution
Percent of People with Each Score
Percentile by Number Answered
Your Score History
You have not taken this quiz